<?xml version="1.0" encoding="UTF-8"?><?xml-stylesheet type="text/xsl" href="static/style.xsl"?><OAI-PMH xmlns="http://www.openarchives.org/OAI/2.0/" xmlns:xsi="http://www.w3.org/2001/XMLSchema-instance" xsi:schemaLocation="http://www.openarchives.org/OAI/2.0/ http://www.openarchives.org/OAI/2.0/OAI-PMH.xsd"><responseDate>2026-04-27T12:32:06Z</responseDate><request verb="GetRecord" identifier="oai:uvadoc.uva.es:10324/40824" metadataPrefix="marc">https://uvadoc.uva.es/oai/request</request><GetRecord><record><header><identifier>oai:uvadoc.uva.es:10324/40824</identifier><datestamp>2025-02-06T10:51:02Z</datestamp><setSpec>com_10324_1183</setSpec><setSpec>com_10324_931</setSpec><setSpec>com_10324_894</setSpec><setSpec>col_10324_1396</setSpec></header><metadata><record xmlns="http://www.loc.gov/MARC21/slim" xmlns:doc="http://www.lyncode.com/xoai" xmlns:xsi="http://www.w3.org/2001/XMLSchema-instance" xmlns:dcterms="http://purl.org/dc/terms/" xsi:schemaLocation="http://www.loc.gov/MARC21/slim http://www.loc.gov/standards/marcxml/schema/MARC21slim.xsd">
<leader>00925njm 22002777a 4500</leader>
<datafield tag="042" ind1=" " ind2=" ">
<subfield code="a">dc</subfield>
</datafield>
<datafield tag="720" ind1=" " ind2=" ">
<subfield code="a">Silva Castro, Iosody</subfield>
<subfield code="e">author</subfield>
</datafield>
<datafield tag="720" ind1=" " ind2=" ">
<subfield code="a">Díez Casero, Julio Javier</subfield>
<subfield code="e">author</subfield>
</datafield>
<datafield tag="720" ind1=" " ind2=" ">
<subfield code="a">Martín Ramos, Pablo</subfield>
<subfield code="e">author</subfield>
</datafield>
<datafield tag="720" ind1=" " ind2=" ">
<subfield code="a">Pinto, Gloria</subfield>
<subfield code="e">author</subfield>
</datafield>
<datafield tag="720" ind1=" " ind2=" ">
<subfield code="a">Alves, Artur</subfield>
<subfield code="e">author</subfield>
</datafield>
<datafield tag="720" ind1=" " ind2=" ">
<subfield code="a">Martín Gil, Jesús</subfield>
<subfield code="e">author</subfield>
</datafield>
<datafield tag="720" ind1=" " ind2=" ">
<subfield code="a">Martín García, Jorge</subfield>
<subfield code="e">author</subfield>
</datafield>
<datafield tag="260" ind1=" " ind2=" ">
<subfield code="c">2018</subfield>
</datafield>
<datafield tag="520" ind1=" " ind2=" ">
<subfield code="a">Pine pitch canker (PPC) is a major threat to pine forests worldwide because of the extensive&#xd;
tree deaths, reduced growth, and degradation of timber quality caused by it. Furthermore, the aggressive&#xd;
fungus responsible for this disease (Fusarium circinatum) can also infect pine seeds, causing damping-off&#xd;
in young seedlings. This study proposes an approach based on coating treatments consisting of&#xd;
natural products to ensure seed protection. Seeds from two pine species (the most sensitive to this&#xd;
disease, Pinus radiata D. Don, and a more resistant one, Pinus sylvestris L.) were coated with single&#xd;
and binary mixtures of low and medium molecular weight chitosan and/or ethanolic-propolis&#xd;
extract. The germination rate, pre- and post-emergence mortality, total phenolic content, and radical&#xd;
scavenging activity were assessed. All treatments, and especially the one based on chitosan oligomers,&#xd;
had a beneficial impact on P. sylvestris seedlings, significantly enhancing survival rates and displaying&#xd;
a positive influence on the total phenolic content and on the seedlings’ radical scavenging activity.&#xd;
Conversely, non-significant negative effects on germination percentages were observed in the case of&#xd;
P. radiata seeds. The proposed treatments show promise for the protection of P. sylvestris seedlings&#xd;
against PPC.</subfield>
</datafield>
<datafield tag="024" ind2=" " ind1="8">
<subfield code="a">Forests, 2018, vol. 9, n. 11. 14 p.</subfield>
</datafield>
<datafield tag="024" ind2=" " ind1="8">
<subfield code="a">1999-4907</subfield>
</datafield>
<datafield tag="024" ind2=" " ind1="8">
<subfield code="a">http://uvadoc.uva.es/handle/10324/40824</subfield>
</datafield>
<datafield tag="024" ind2=" " ind1="8">
<subfield code="a">10.3390/f9110685</subfield>
</datafield>
<datafield tag="245" ind1="0" ind2="0">
<subfield code="a">Application of Bioactive Coatings Based on Chitosan and Propolis for Pinus spp. Protection against Fusarium circinatum</subfield>
</datafield>
</record></metadata></record></GetRecord></OAI-PMH>